Score 0/26 Timer 05:00
0 Plays Today
Year Movie % Correct
2000Traffic
78.6%
1994The Usual Suspects
73.1%
2000Snatch.
68.3%
1998Fear and Loathing in Las Vegas
66.9%
2008Che: Part One & Che: Part: Two
62.8%
2010The Wolfman
55.9%
200321 Grams
51.7%
2005Sin City
51.7%
1989License to Kill
32.4%
2003The Hunted
31%
2007Things We Lost in the Fire
28.3%
2000The Way of the Gun
26.2%
1997Excess Baggage
22.1%
Year Movie % Correct
1996The Fan
19.3%
2001The Pledge
18.6%
1996Basquiat
15.9%
1988Big Top Pee-wee
13.8%
1994Swimming with Sharks
13.1%
1993Fearless
10.3%
1994China Moon
9.7%
1991The Indian Runner
9%
1996The Funeral
8.3%
1993Money for Nothing
4.8%
1993Huevos de oro
4.8%
1996Joyride
4.8%
1992Christopher Columbus: The Discovery
4.8%
Remove Ads.
Support Sporcle.
Get the best of Sporcle when you Go Orange. This ad-free experience offers more features, more stats, and more fun while also helping to support Sporcle. Thank you for becoming a member.

You're not logged in!

Compare scores with friends on all Sporcle quizzes.
OR
Log In

Show Comments

Extras

Top Quizzes Today


Score Distribution

Your Account Isn't Verified!

In order to create a playlist on Sporcle, you need to verify the email address you used during registration. Go to your Sporcle Settings to finish the process.

Report this User

Report this user for behavior that violates our Community Guidelines.

Details: